[Event "Dortmund ABC Serie Anfaenger-21"]
[Site "Dortmund"]
[Date "2004.05.14"]
[Round "6"]
[White "Rautenberg, Martin"]
[Black "Rimm, Marco"]
[Result "0-1"]
[WhiteElo "1223"]
[BlackElo "1199"]
[PlyCount "48"]
[EventDate "2004.04.21"]
[EventType "tourn"]
[EventRounds "13"]
[EventCountry "GER"]
[SourceTitle "EXT 2006"]
[Source "ChessBase"]
[SourceDate "2005.11.24"]
[SourceVersion "1"]
[SourceVersionDate "2005.11.24"]
[SourceQuality "1"]

1. e4 e5 2. Nf3 d6 3. h3 Be7 4. Nc3 Nf6 5. d4 exd4 6. Nxd4 0-0 7. Bf4 Bd7 8. a4 Nc6 9. Nxc6 Bxc6 10. Bd3 g6 11. g4 d5 12. e5 Bb4 13. Bg5 d4 14. Bxf6 Qd5 15. Rg1 dxc3 16. b3 Rfe8 17. f4 Bc5 18. Rg3 Qh1+ 19. Bf1 Qe4+ 20. Qe2 Qxf4 21. Rxc3 Bb4 22. Qc4 Qg3+ 23. Kd1 Bxc3 24. Ra3 Qe1# 0-1

[Event "Dortmund1"]
[Site "Dortmund"]
[Date "2003.03.26"]
[Round "1"]
[White "Rimm, Marco"]
[Black "Naffin, Egbert"]
[Result "1-0"]
[WhiteElo "1157"]
[BlackElo "1117"]
[PlyCount "71"]
[EventDate "2003.03.26"]
[EventType "tourn"]
[EventRounds "13"]
[EventCountry "GER"]
[SourceTitle "EXT 2007"]
[Source "ChessBase"]
[SourceDate "2006.11.23"]
[SourceVersion "1"]
[SourceVersionDate "2006.11.23"]
[SourceQuality "1"]

1. e4 e5 2. Nf3 Nf6 3. Bc4 d5 4. exd5 Bg4 5. Be2 Nxd5 6. Nxe5 Bxe2 7. Qxe2 Be7 8. c4 Nf6 9. 0-0 0-0 10. Nc3 Nc6 11. Ng4 Nxg4 12. Qxg4 f5 13. Qf3 Bd6 14. d3 Kh8 15. Be3 Bxh2+ 16. Kxh2 Ne5 17. Qh3 Ng4+ 18. Kg1 Nxe3 19. fxe3 Rf6 20. Rxf5 Qxd3 21. Rxf6 gxf6 22. Rf1 Re8 23. e4 Qxc4 24. Rxf6 Qd4+ 25. Rf2 Rf8 26. Qg3 b5 27. a3 a5 28. b4 axb4 29. axb4 c5 30. Ne2 Qa1+ 31. Kh2 Rxf2 32. Qxf2 Qe5+ 33. Ng3 Qd6 34. bxc5 Qh6+ 35. Kg1 Qc1+ 36. Nf1 1-0

[Event "Dortmund ABC Anfaenger 18th"]
[Site "Dortmund"]
[Date "2002.11.29"]
[Round "11"]
[White "Rutmann, Ulrich"]
[Black "Rimm, Marco"]
[Result "0-1"]
[WhiteElo "1250"]
[BlackElo "1163"]
[PlyCount "78"]
[EventDate "2002.10.11"]
[EventType "tourn"]
[EventRounds "13"]
[EventCountry "GER"]
[SourceTitle "EXT 2004"]
[Source "ChessBase"]
[SourceDate "2003.11.25"]
[SourceVersion "1"]
[SourceVersionDate "2003.11.25"]
[SourceQuality "1"]

1. e4 e5 2. Nf3 Nc6 3. Bc4 Nf6 4. d3 Bc5 5. h3 h6 6. 0-0 d5 7. exd5 Nxd5 8. Re1 0-0 9. Nxe5 Nxe5 10. Rxe5 c6 11. Qf3 Be6 12. Bd2 Bd4 13. Bc3 Bxe5 14. Bxe5 f6 15. Bd4 b5 16. Bb3 Re8 17. Nd2 Qc7 18. c4 Nf4 19. Ne4 Rad8 20. Qe3 f5 21. Nc5 Bc8 22. cxb5+ Kh7 23. Qd2 Ne2+ 24. Kh1 Nxd4 25. bxc6 Re5 26. Na4 Qxc6 27. Nc3 f4 28. Qxf4 Bxh3 29. Qg3 Rh5 30. Kg1 Nf5 31. Qh2 Qg6 32. g3 Nh4 33. Bd1 Bg4 34. Kf1 Qxd3+ 35. Kg1 Nf3+ 36. Bxf3 Rxh2 37. Be4+ Qxe4 38. Nxe4 Rh5 39. Rc1 Bf3 0-1